000 00780nam a2200241 i 4500
001 61377
003 ES-MaACL
005 20251001203306.0
007 t|
008 031111s1966 sp ||||1| cat d
100 1 _aEvely, Louis.
_948385
245 1 0 _aAquest home ets tu /
_cLouis Evely ; prefaci de Ives Mª Congar ; [traducció, Just M. Llorens].
250 _a[1ª ed.].
260 _aBarcelona :
_bEstela,
_c[1966]
300 _a206 p. ;
_c20 cm.
490 1 _aCol·lecció "Espiritualitat" ;
_v19
650 0 7 _aVida cristiana
_2embne
_917790
700 1 _aCongar, Yves,
_d1904-1995
_940170
700 1 _aLlorens, Just M.
_972877
830 0 _aCol·lecció "Espiritualitat"
_v19
_9230595
852 _aES-MaACL
_jC-30411
_bR.60799
999 _c61377
_d61377